000 00496nam a2200181 i 4500
001 52618
003 ES-MaACL
005 20230906162619.0
007 t|
008 030901s1935 fr ||||1| fre d
100 1 _aDavray, Jean.
_942996
245 1 0 _aGeorge Sand et ses amants /
_cJean Davray.
260 _aParis :
_b[s.n.],
_c1935 (
_fE. Rambot)
300 _a113 p. ;
_c19 cm.
600 1 4 _aSand, George,
_d1804-1876
_9103060
852 _aES-MaACL
_jA-3482
999 _c52618
_d52618